| 000 | 00593nam a2200157 a 4500 | ||
|---|---|---|---|
| 008 | 120416s1972 ||||||||||||||||| || u | ||
| 020 | _a0195016173 | ||
| 050 | _aDT 31 Gib | ||
| 100 | _aGibson, Richard | ||
| 245 | 1 | 0 | _aAfrican liberation movements |
| 246 | _acontemporary struggles against white minority rule | ||
| 260 |
_aLondon _bCambridge University Press _c1972 |
||
| 300 | _ax, 350p. : ill. | ||
| 350 | _a0.00 | ||
| 995 |
_D0.00 _FCBU-MAIN LIBRARY (Kitwe) _H1 _I250000.00 _M1 _UAVAILABLE _WAug 2, 2006 _ZMain Library Open Access Collection |
||
| 999 |
_c33772 _d33772 |
||